000 00819nam0a22002411 4500
001 rc\13477
005 20260407080119.0
035 _a(NLR Aleph) 005302074
090 _a6299334
_c6299334
100 _a20021204d1992 |||y0rusy50 ca
101 0 _arus
102 _aRU
105 _ay |||||||||
200 1 _aВРЕМЕННЫЙ строевой устав Вооруженных Сил Российской Федерации
_eВвед. в действие с 01.01.93
210 _aМ.
_cВоениздат
_d1992
215 _a111 с.
_d20
740 1 _aРоссийская Федерация
_tВоенные уставы и наставления
_3RU\NLR\AUTH\884673
_9280880
801 0 _aRU
_bNLR
_gpsbo
801 1 _aRU
_bELAR
_2rusmarc
852 _aNLR
_j92-3/6577
942 _cBOOK
980 _aNB